<?xml version="1.0" encoding="UTF-8"?>
<collection xmlns="http://www.loc.gov/MARC21/slim">
 <record>
  <leader>01447nam a2200229Ia 4500</leader>
  <controlfield tag="001">CTU_192163</controlfield>
  <controlfield tag="008">210402s9999    xx            000 0 und d</controlfield>
  <datafield tag="082" ind1=" " ind2=" ">
   <subfield code="a">579.3012</subfield>
  </datafield>
  <datafield tag="082" ind1=" " ind2=" ">
   <subfield code="b">G241/Vol.1</subfield>
  </datafield>
  <datafield tag="100" ind1=" " ind2=" ">
   <subfield code="a">Garrity, George M.</subfield>
  </datafield>
  <datafield tag="245" ind1=" " ind2="0">
   <subfield code="a">Bergey's manual of systematic bacteriology</subfield>
  </datafield>
  <datafield tag="245" ind1=" " ind2="0">
   <subfield code="c">George M. Garrity, editor-in-chief</subfield>
  </datafield>
  <datafield tag="260" ind1=" " ind2=" ">
   <subfield code="a">New York</subfield>
  </datafield>
  <datafield tag="260" ind1=" " ind2=" ">
   <subfield code="b">Springer</subfield>
  </datafield>
  <datafield tag="260" ind1=" " ind2=" ">
   <subfield code="c">2001</subfield>
  </datafield>
  <datafield tag="520" ind1=" " ind2=" ">
   <subfield code="a">Arrangement of the content of the Second Edition follows the now familiar and well regarded phylogeny of the 16S rRNA gene, yet retains much of the layout of the First Edition. Volume 1, encompasses. Volume 2 covers Proteobacteria. At present, there are roughly 6250 named species of Bacteria, and the Proteobacteria represent the single largest phylum. Encompassing 72 families and including descriptions of 425 genera and over 1875 named species, this volume is subdivided into three sub-volumes: The Gammaproteobacteria (Part A), The Alphaproteobacteria (Part B) and the Beta, Delta, and Epsilonproteobacteria. Also included are new introductory chapters specific to the phylum. Medically important species appear in all three sub-volumes. Volume 3 covers Firmicutes.</subfield>
  </datafield>
  <datafield tag="526" ind1=" " ind2=" ">
   <subfield code="a">Vi sinh học đại cương,Vi sinh vật nâng cao</subfield>
  </datafield>
  <datafield tag="526" ind1=" " ind2=" ">
   <subfield code="b">CS112,CS902</subfield>
  </datafield>
  <datafield tag="650" ind1=" " ind2=" ">
   <subfield code="a">Bacteria,Vi khuẩn</subfield>
  </datafield>
  <datafield tag="650" ind1=" " ind2=" ">
   <subfield code="x">Classification,Phân loại</subfield>
  </datafield>
  <datafield tag="910" ind1=" " ind2=" ">
   <subfield code="a">Hải</subfield>
  </datafield>
  <datafield tag="980" ind1=" " ind2=" ">
   <subfield code="a">Trung tâm Học liệu Trường Đại học Cần Thơ</subfield>
  </datafield>
 </record>
</collection>
